| 000 -LEADER |
| fixed length control field |
01179nam a22001937a 4500 |
| 005 - DATE AND TIME OF LATEST TRANSACTION |
| control field |
20260115101030.0 |
| 008 - FIXED-LENGTH DATA ELEMENTS--GENERAL INFORMATION |
| fixed length control field |
230605b ||||| |||| 00| 0 eng d |
| 040 ## - CATALOGING SOURCE |
| Transcribing agency |
SSBUL |
| Modifying agency |
SSBUL |
| 082 ## - DEWEY DECIMAL CLASSIFICATION NUMBER |
| Edition number |
23 |
| Classification number |
၂၉၄.၃၄၄၃၅ |
| Item number |
ခေ |
| 100 ## - MAIN ENTRY--PERSONAL NAME |
| Personal name |
ခေမာနန္ဒ၊ |
| Titles and words associated with a name |
အရှင်၊ |
| Miscellaneous information |
(ရန်ကင်းတောရ)သပြေပင်။ |
| 9 (RLIN) |
24649 |
| 245 10 - TITLE STATEMENT |
| Title |
တရားအားထုတ်သူအဆင့်ဝိပဿနာသင်ပုန်းကြီးဖတ်စာ ၊ |
| Number of part/section of a work |
တတိယပိုင်း / |
| Statement of responsibility, etc. |
အရှင်ခေမာနန္ဒ(ရန်ကင်းတောရ)သပြေပင်။ |
| 250 ## - EDITION STATEMENT |
| Edition statement |
တတိယအကြိမ်။ |
| 260 ## - PUBLICATION, DISTRIBUTION, ETC. |
| Place of publication, distribution, etc. |
ရန်ကုန်၊ |
| Name of publisher, distributor, etc. |
ရွှေနိုင်ငံစာပေ၊ |
| Date of publication, distribution, etc. |
၂၀၁၄။ |
| 300 ## - PHYSICAL DESCRIPTION |
| Extent |
င၊ ၄၄ စာမျက်နှာ၊ |
| Dimensions |
၂၁ စင်တီ။ |
| 440 ## - SERIES STATEMENT/ADDED ENTRY--TITLE |
| Title |
ရန်ကင်းတောင်စာစဉ်၊ |
| Volume/sequential designation |
၁၅။ |
| 9 (RLIN) |
24623 |
| 500 ## - GENERAL NOTE |
| General note |
S-KN: Ashin Khemānanda |
| 650 ## - SUBJECT ADDED ENTRY--TOPICAL TERM |
| Topical term or geographic name entry element |
ဗုဒ္ဓဘာသာ |
| General subdivision |
ဝိပဿနာ။ |
| 9 (RLIN) |
24652 |
| 942 ## - ADDED ENTRY ELEMENTS (KOHA) |
| Source of classification or shelving scheme |
|
| Koha item type |
Books (Long term) |
| Edition |
23 |
| Classification part |
၂၉၄.၃၄၄၃၅ |
| Call number prefix |
ခေ |